The Journey of Hindi Language Journalism in India: (Record no. 199952)
[ view plain ]
| 000 -LEADER | |
|---|---|
| fixed length control field | 00781nam a22001937a 4500 |
| 005 - DATE AND TIME OF LATEST TRANSACTION | |
| control field | 20240112161934.0 |
| 010 ## - LCCN (DPL NO) | |
| LC control number | B-756977-978 ENG |
| 020 ## - INTERNATIONAL STANDARD BOOK NUMBER | |
| Terms of availability | 1195.00 |
| International Standard Book Number | 9789354422867 |
| 035 ## - SYSTEM CONTROL NUMBER | |
| System control number | B-756977-978 |
| 037 ## - SOURCE OF ACQUISITION | |
| Source of stock number/acquisition | Aakar Books |
| 082 ## - DEWEY DECIMAL CLASSIFICATION NUMBER | |
| Classification number | 079.54 |
| 100 ## - MAIN ENTRY--PERSONAL NAME | |
| Personal name | Pande, Mrinal |
| 245 ## - TITLE STATEMENT | |
| Title | The Journey of Hindi Language Journalism in India: |
| Remainder of title | From Raj to Swaraj and Beyond/ |
| Statement of responsibility, etc | Mrinal Pande |
| 260 ## - PUBLICATION, DISTRIBUTION, ETC. (IMPRINT) | |
| Place of publication, distribution, etc | New Delhi |
| Name of publisher, distributor, etc | Orient Blackswan |
| Date of publication, distribution, etc | 2022 |
| 270 ## - ADDRESS | |
| City | New Delhi |
| Address | 11/13 by Jojy Philip |
| Postal code | 110015 |
| 300 ## - PHYSICAL DESCRIPTION | |
| Extent | ix, 176p. |
| Dimensions | 22cm(HB) |
| Other physical details | Index |
| 942 ## - ADDED ENTRY ELEMENTS (KOHA) | |
| Source of classification or shelving scheme | Dewey Decimal Classification |
| Item type | English Books |
| Classification part | 079.54 |
| Call number suffix | PAN |
| Withdrawn status | Lost status | Not for loan | Collection code | Home library | Current library | Date acquired | Source of acquisition | Cost, normal purchase price | Full call number | Barcode | Copy number | Cost, replacement price | Koha item type |
|---|---|---|---|---|---|---|---|---|---|---|---|---|---|
| Non-fiction | Central Library | Central Library | 12/01/2024 | Aakar Books/I--2188/11.12.23/23/23.11.23/14.12.23 | 1195.00 | 079.54 PAN | B-756977 | 1 | 1195.00 | English Books | |||
| Non-fiction | Sarojini Nagar | Sarojini Nagar | 12/01/2024 | Aakar Books/I--2188/11.12.23/23/23.11.23/14.12.23 | 1195.00 | 079.54 PAN | B-756978 | 1 | 1195.00 | English Books |
